| 000 | 00855nam a22002537a 4500 | ||
|---|---|---|---|
| 999 |
_c15821 _d15821 |
||
| 003 | MIRAKIL | ||
| 005 | 20240328113057.0 | ||
| 008 | 240328b tu ||||| |||| 00| 0 tur d | ||
| 020 | _a9789751635266 | ||
| 040 |
_aTR-AnCHP _cTR-AnCHP |
||
| 041 | _atur | ||
| 082 |
_a813.42 _bE23b 2018 |
||
| 100 | _aAhmet Midhat Efendi | ||
| 245 | 1 | 0 |
_aÇengi / _cAhmet Midhat Efendi ; hazırlayan : Erol Ülgen. |
| 250 | _aİkinci Baskı | ||
| 260 |
_aAnkara : _bTürk Dil Kurumu, _c2018. |
||
| 300 |
_a205 sayfa ; _c21 cm. |
||
| 490 | 0 |
_aTürk Dil Kurumu yayınları ; _v762/1. |
|
| 490 | 0 |
_aYeni Türk edebiyatı kaynak metinleri dizisi ; _v2. |
|
| 490 | 0 |
_aAhmet Mithat Efendi bütün eserleri romanlar ; _vV. |
|
| 650 | 0 |
_95539 _aTürk Romanı |
|
| 856 | _zDijital Nüshası için Partimizin Kütüphane Sorumlusu ile iletişime geçiniz. | ||
| 942 |
_2ddc _cBKS |
||